| 000 | 00496nam a22001337a 4500 | ||
|---|---|---|---|
| 040 | _cRUA | ||
| 082 | _aAGI TRY 2009 B283 Or.1 | ||
| 100 | _aTRY CHANNDARA ; ទ្រី ចាន់តារា | ||
| 245 | _aProcessing of soy yogurt; ការកែច្នៃយ៉ាអួរសណ្ដែកសៀង | ||
| 260 |
_aPhnom Penh _bRUA _c2009 |
||
| 300 |
_ax ; 45p. _bill. _c29cm. |
||
| 856 | _uhttps://drive.google.com/file/d/1ztjIFA0T8iizO578mFolq4kSJX2nQqRe/view?usp=sharing | ||
| 942 | _cAGI | ||
| 999 |
_c5362 _d5362 |
||